000 00771nam a22002177a 4500
003 UA-OsUOA
001 62237
007 ta
008 20090814b un ||||| |||| 00| 0 ukr d
090 _a82-94
942 _cBK
040 _aUA-OsUOA
_brus
_cUA-OsUOA
_dUA-OsUOA
245 _aВерный ленинец, беззаветный борец за мир и коммунизм.
_bСердечные поздравления и добрые пожелания в связи с 70-летием со дня рождения Н.С.Хрущева.
300 _a148 с.
955 _a0
041 _arus
080 _a82-94
260 _aМ.
_bПолитиздат
_c1964
650 7 _a82 Література. Літературознавство
_2UDC
999 _c348327
_d348327